000 00483, Goa2200181hos4500
003 CEME
005 20210628203103.0
008 210118b xxu||||| |||| 00| 0 eng d
020 _a81-297-0474-9
040 _cceme
082 _a620.0042 POH
100 _aPOHIT, GOUTAM , GHOSH, GOUTAM
_963241
245 _aMachine drawing with autocad
260 _aDELHI
_bPEARSON EDUCATION
_c2005
300 _aXVI,471 P
650 _aMACHINE DRAWING WITH AUTOCAD
_963242
942 _cBK
_2ddc
999 _c572124
_d572124